Responses for show #6396 - Monday, June 11, 2012

Contestants

[<< previous game]

Dylan Hume, a musician and tutor from Sleepy Hollow, New York

Elaine Moise, a business systems manager from Mountain View, California

Aaron Cappocchi, a writer from Burbank, California (whose 1-day cash winnings total $28,800)

[next game >>]

Jeopardy! Round responses

WHAT'S UP, DOC?
THE TEAM'S RETIRED NUMBERS
SEE-ATTLE
THE HELOISE WITH YOU
"PIPE" DREAMS
SPAIN KILLERS
    $200 9
hair

Dylan
    $200 1
the (San Francisco) 49ers

Dylan
    $200 26
the Space Needle

Aaron
    $200 16
mustard

Aaron
    $200 4
the windpipe

Aaron
    $200 21
Madrid

Elaine
    $400 12
salmonella

Dylan
    $400 2
the Houston Rockets

Dylan
    $400 27
a library

Aaron
    $400 17
cockroaches

Elaine
    $400 5
a stovepipe hat

Dylan
    $400 22
the Basque

Dylan
    $600 13
(Dylan: What is mumps?)

croup

Dylan
Triple Stumper
    $600 3
the Pittsburgh Pirates

Elaine
    $600 28
Starbucks

Elaine
    $600 18
a battery

Aaron
    $600 6
the halfpipe

Aaron
    $600 23
the Spanish Civil War

Dylan
    $800 14
rosacea

Elaine
    $800 10
the Boston Celtics

Triple Stumper
    $800 29
gold rush

Aaron
    $800 19
dental floss

Elaine
    $800 7
a blowpipe

Aaron
    $2,000 24
Leon Trotsky

Dylan
    $1000 15
Graves' Disease

Triple Stumper
    $1000 11
the St. Louis Cardinals

Elaine
    $1000 30
Experience Music Project

Aaron
    $1000 20
aluminum foil

Aaron
    $1000 8
a panpipe

Elaine
    $1000 25
a garrote

Aaron

Scores at the first commercial break (after clue 15):

Aaron Elaine Dylan
$1,600 $3,400 $1,000

Scores at the end of the Jeopardy! Round:

Aaron Elaine Dylan
$6,800 $5,400 $4,000

Double Jeopardy! Round responses

GEOGRAPHY BY THE BOOK
SISTER GOLDENHAIR
I DON'T KNOW YOU FROM ADAMS
GO WIDE
WORDS OF LOVE
THE BRITISH MUSEUM'S HISTORY OF THE WORLD IN 100 OBJECTS
    $400 7
Sleepy Hollow

Aaron
    $400 17
Kate Hudson

Aaron
    $400 1
Thomas Jefferson

Aaron
    $400 12
football

Dylan
    $400 24
crush

Aaron
    $400 2
Egypt

Elaine
    $800 8
Brooklyn

Aaron
    $800 18
Hilary Duff

Aaron
    $800 23
Julie & Julia

Aaron
    $800 13
cubits

Aaron
    $800 25
a groom

Dylan
    $800 3
Caesar Augustus

Aaron
    $1200 9
Ohio

Elaine
    $1200 19
Fanning

Dylan
    $1200 20
Robert Oppenheimer

Elaine
    $1200 14
a meteorite

Aaron
    $4,500 4
The Beagle

Aaron
    $1600 10
Sargasso Sea

Aaron
    $1600 21
Georgia O'Keeffe

Triple Stumper
    $1600 15
(Dylan: What is the Three Rivers Dam?)

the Three Gorges Dam

Dylan
Triple Stumper
    $1600 27
(Elaine: What is troth?)
[End-of-round signal sounds.]

fidelity

Elaine
Triple Stumper
    $1600 5
the UAE (United Arab Emirates)

Aaron
    $2000 11
Berlin

Triple Stumper
    $2000 22
Irving Berlin

Elaine
    $2000 16
(Dylan: What is a millimeter?)
(Elaine: What is a nanometer?)

a micron

ElaineDylan
Triple Stumper
    $2,000 26
(Dylan: What is... uh... courage?)

devotion

Dylan
    $2000 6
(Dylan: What is Stonehenge?)

Sutton Hoo

Dylan
Triple Stumper

Scores at the end of the Double Jeopardy! Round:

Aaron Elaine Dylan
$21,300 $6,600 -$1,200
(lock game)

[wagering suggestions for these scores]

Final Jeopardy! Round responses

EVENTS IN THE BIBLE
[Aaron's response was initially rejected as incorrect. After the reveal of both of the contestant's responses, Alex appeared back on-screen in an edit and stated the following:]
(Alex: If that Final Jeopardy! seemed a little strange, it's because it was. We messed up. We were thinking of one thing and referencing something else. Fortunately, it did not affect the outcome of the game. We are crediting Aaron with a correct response, and we will be awarding him $12,002.)
ElaineWhat is the Last Supper?
$6,500
AaronWhat is Pentecost?
$6,001
the Last Supper

Final scores:

Aaron Elaine Dylan
$27,301 $13,100 -$1,200
2-day champion: $56,101 2nd place: $2,000 3rd place: $1,000

Game dynamics:

Coryat scores:

Aaron Elaine Dylan
$18,000 $6,600 -$400
24 R
(including 1 DD),
0 W
12 R,
2 W
11 R
(including 1 DD),
5 W
(including 1 DD)

Combined Coryat: $24,200

The J! Archive is created by fans, for fans. The Jeopardy! game show and all elements thereof, including but not limited to copyright and trademark thereto, are the property of Jeopardy Productions, Inc. and are protected under law. This website is not affiliated with, sponsored by, or operated by Jeopardy Productions, Inc. Join the discussion at JBoard.tv.